000 01573nam a22001937a 4500
999 _c64172
_d64172
003 Ge_BSU
005 20260424141949.0
008 260424s1938 ge ||||| |||| 00| 0 geo d
041 _ageo
080 _a329.150.7(ლენინი)(072) :327.2 : 330.342.143 ა-96
245 _aახალი მასალები ვ.ი. ლენინის შრომისათვის "იმპერიალიზმი, როგორც კაპიტალიზმის უმაღლესი სტადია" /
_cე. ვარგას, ლ. მენდელსონის და ე. ხმელნიცკაიას რედაქციით; კომაკადემიის მსოფლიო მეურნეობისა და მსოფლიო პოლიტიკის ინ-ტი.
250 _aმე-2 შესწ. და შევს. გამოც.
264 _aთბილისი :
_bსაკ. კპ(ბ) ცკ-თან არსებული მარქს-ენგელს-ლენინის ინ-ტის თბილ. ფილიალი, ტექნიკა და შრომა-ს გამ-ბა და სტ.,
_c1938.
300 _a313გვ. ;
_b26 სმ.
504 _aბიბლიოგრ.: ლიტერატურა შენიშვნები.
653 _aლენინის ნაშრომების შესწავლის მეთოდიკა
653 _aიმპერიალიზმი
942 _2udc
_cᲬᲘᲒᲜᲘ